01014nam a2200301 a 450000100060000000300080000600500170001400800410003102000150007203500190008704000270010604100080013306000220014108200220016324500910018525000130027626000400028930000250032935000090035449000440036350000190040765000470042665000220047383000520049594200120054799900170055995201360057666189BD-RjUL20211209081517.0170314s1970 enk 001 0 eng b a0853690634 a(BD-RjUL)66319 aDLCcDLCdBD-RjULbeng aeng aQV 704 P538p 197000a615223bPHA 197010aPharmaceutical handbook :bincorporating the Pharmaceutical pocket book. /cR. G. Todd a18th ed. aLondon :bPharmaceutical P.,c1970. axv, 702 p. ;c19 cm. a70/-0 aAn Extra pharmacopoeia companion volume aIncludes index 0aPharmacyxHandbooks, manuals, etc.9195871 2aPharmacy.9195710 aAn Extra pharmacopoeia companion volume9195875 2ddccBK c66189d66189 00102ddc40718NFICaRUCLbRUCLcReadingd1991-10-22eBritish council,l0o615 PHA 1970r2017-03-14 00:00:00tC-1w2017-03-14yBK